Higiene /

Guardado en:
Autor Principal: Fernández Riera, Serafin
Formato: Libro
Publicado: Buenos Aires : Kapelusz, 1954
Edición:6a. ed.
Materias:
Etiquetas: Agregar Etiqueta
Sin Etiquetas, Sea el primero en etiquetar este registro!
LEADER 00800nam a22002295a 4500
001 CEM.cems002444
005 20060220000000.0
008 130507s1954##################000#0#####d
003 CEMS
082 0 4 |a 613 
100 1 |a Fernández Riera, Serafin 
245 1 0 |a Higiene / 
250 |a 6a. ed. 
260 |a Buenos Aires :  |b Kapelusz,  |c 1954 
300 |a 335 p. 
653 |a Higiene personal 
859 |a CEMS  |b BIB. CEMS - 11 de abril  |h 613  |i F391  |p 1287.73  |t Ej.1 
859 |a CEMS  |b BIB. CEMS - 11 de abril  |h 613  |i F391  |p 1746.74  |t Ej.2 
859 |a CEMS  |b BIB. CEMS - 11 de abril  |h 613  |i F391  |p 1747.74  |t Ej.3 
859 |a CEMS  |b BIB. CEMS - 11 de abril  |h 613  |i F391  |p 1748.74  |t Ej.4 
859 |a CEMS  |b BIB. CEMS - 11 de abril  |h 613  |i F391  |p 1749.74  |t Ej.5 
859 |a CEMS  |b BIB. CEMS - 11 de abril  |h 613  |i F391  |p 3638.75  |t Ej.6